[Event "Oberliga Ost-A 1415"]
[Site "Germany"]
[Date "2015.01.18"]
[Round "7.1"]
[White "Schenk, Alexander"]
[Black "Cerveny, Martin"]
[Result "0-1"]
[WhiteElo "2152"]
[BlackElo "2381"]
[PlyCount "140"]
[EventDate "2014.09.21"]
[EventType "team-tourn"]
[EventRounds "11"]
[EventCountry "GER"]
[SourceTitle "EXT 2016"]
[Source "ChessBase"]
[SourceDate "2015.10.08"]
[SourceVersion "1"]
[SourceVersionDate "2015.10.08"]
[SourceQuality "1"]
[WhiteTeam "Chemnitz USG"]
[BlackTeam "Aue Nickelhuette II"]
[WhiteTeamCountry "GER"]
[BlackTeamCountry "GER"]

1. d4 d5 2. c4 dxc4 3. Nf3 Nf6 4. e3 e6 5. Bxc4 c5 6. 0-0 a6 7. Qe2 b5 8. Bb3 Bb7 9. Rd1 Qc7 10. Nc3 Nbd7 11. d5 c4 12. dxe6 fxe6 13. Bc2 Be7 14. e4 Nc5 15. Nd4 0-0-0 16. Be3 e5 17. Ndxb5 Rxd1+ 18. Rxd1 axb5 19. Nxb5 Qb6 20. Qxc4 Ba6 21. a4 Bxb5 22. axb5 Kb7 23. Qf7 Qe6 24. Qxe6 Nxe6 25. Bb3 Nc7 26. b6 Na8 27. f4 exf4 28. Bxf4 Nxb6 29. e5 Nfd7 30. g4 Rc8 31. Be6 Rf8 32. Bg3 Nc5 33. Bf5 g6 34. Bc2 Bg5 35. Kg2 Nc4 36. Bf2 Ne3+ 37. Bxe3 Bxe3 38. Rf1 Rxf1 39. Kxf1 Bg5 40. b4 Nd7 41. e6 Nf8 42. Bb3 Be7 43. Kf2 Kc6 44. Ke3 Kd6 45. Ke4 Nxe6 46. Bc4 Bd8 47. Ba2 Bh4 48. Bc4 Be1 49. b5 Ng5+ 50. Ke3 Nh3 51. Bd3 Ke5 52. Bf1 Nf4 53. b6 Nd5+ 54. Ke2 Ba5 55. b7 Bc7 56. Kf3 g5 57. h3 h6 58. Bg2 Nf4 59. Bf1 Ng6 60. Bb5 Nh4+ 61. Kf2 Kf4 62. Bd7 Bb8 63. Ke2 Nf3 64. Kf2 Ba7+ 65. Kg2 Nh4+ 66. Kh2 Kf3 67. Bc6+ Kf2 68. Bb5 Bb8+ 69. Kh1 Kg3 70. Bf1 Ba7 0-1

[Event "Oberliga Ost-A 1415"]
[Site "Germany"]
[Date "2014.10.18"]
[Round "2.3"]
[White "Kesik, Klaus Dieter"]
[Black "Schenk, Alexander"]
[Result "1-0"]
[WhiteElo "2276"]
[BlackElo "2152"]
[PlyCount "113"]
[EventDate "2014.09.21"]
[EventType "team-tourn"]
[EventRounds "11"]
[EventCountry "GER"]
[SourceTitle "EXT 2016"]
[Source "ChessBase"]
[SourceDate "2015.10.08"]
[SourceVersion "1"]
[SourceVersionDate "2015.10.08"]
[SourceQuality "1"]
[WhiteTeam "Hoyerswerda"]
[BlackTeam "Chemnitz USG"]
[WhiteTeamCountry "GER"]
[BlackTeamCountry "GER"]

1. c4 e6 2. Nf3 d5 3. e3 Nf6 4. Nc3 c5 5. d4 Nc6 6. cxd5 exd5 7. g3 Bg4 8. Bg2 Bd6 9. 0-0 0-0 10. h3 Bh5 11. g4 Bg6 12. dxc5 Bxc5 13. g5 Ne4 14. Qxd5 Qe7 15. Nh4 Nxc3 16. bxc3 Bc2 17. Nf5 Bxf5 18. Qxf5 Rfd8 19. c4 Rd7 20. Bb2 Rad8 21. Bd5 Nb4 22. Rad1 b5 23. g6 Nxd5 24. gxh7+ Kh8 25. Rxd5 Rxd5 26. cxd5 Rd6 27. Kh1 Rg6 28. Rg1 Qh4 29. Rxg6 fxg6 30. Qd7 Bf8 31. Kg2 Qe4+ 32. Kg3 Kxh7 33. Qe6 Qb4 34. Be5 Qc4 35. Qf7 Qc5 36. Bd4 Qd6+ 37. Kg2 a5 38. e4 Qb4 39. Qa7 Qc4 40. Kf3 Qd3+ 41. Be3 Qd1+ 42. Kg2 Qc2 43. Qd4 Bb4 44. d6 Bxd6 45. Qxd6 Qxe4+ 46. Kh2 g5 47. Qc5 Qe6 48. a3 g4 49. Qh5+ Kg8 50. Qxg4 Qd6+ 51. Qg3 Qxa3 52. Qb8+ Kh7 53. Qxb5 a4 54. Qe5 Qb3 55. Bd4 Qf7 56. Qe4+ g6 57. Qh4+ 1-0

[Event "Oberliga Ost-A 1314"]
[Site "Germany"]
[Date "2014.04.05"]
[Round "10.6"]
[White "Woellermann, Jan"]
[Black "Schenk, Alexander"]
[Result "1-0"]
[WhiteElo "2212"]
[BlackElo "2191"]
[PlyCount "133"]
[EventDate "2013.10.13"]
[EventType "team-tourn"]
[EventRounds "11"]
[EventCountry "GER"]
[SourceTitle "EXT 2015"]
[Source "ChessBase"]
[SourceDate "2014.11.20"]
[SourceVersion "1"]
[SourceVersionDate "2014.11.20"]
[SourceQuality "1"]
[WhiteTeam "Magdeburg Aufbau Elbe"]
[BlackTeam "Chemnitz"]
[WhiteTeamCountry "GER"]
[BlackTeamCountry "GER"]

1. d4 d5 2. c4 e6 3. Nf3 Nf6 4. g3 dxc4 5. Bg2 Bb4+ 6. Bd2 a5 7. Qc2 Bxd2+ 8. Qxd2 c6 9. a4 Nbd7 10. Na3 Nb6 11. Qc2 Qd5 12. Rc1 Qe4 13. Qd1 Qd5 14. 0-0 Qd6 15. Nxc4 Nxc4 16. Rxc4 0-0 17. Qc2 Nd5 18. Ng5 g6 19. Nf3 Rd8 20. Rd1 Bd7 21. e4 Nb4 22. Qd2 Be8 23. e5 Qe7 24. Ng5 Kg7 25. Ne4 Nd5 26. Nd6 Rdb8 27. Rdc1 Bd7 28. h4 h5 29. Bf3 Ra6 30. Kg2 Rb6 31. Rb1 Ra8 32. b3 f5 33. exf6+ Qxf6 34. Ne4 Qf5 35. Rb2 Rf8 36. Ng5 Rb4 37. Qe2 b5 38. Rxb4 Nxb4 39. Rd2 bxa4 40. bxa4 Nd5 41. Qa6 Re8 42. Be4 Qf8 43. Qa7 Qe7 44. Rb2 Bc8 45. Qxa5 Qd6 46. Qd2 Ba6 47. Qc2 Ne7 48. Qc5 Rd8 49. Rb6 Bc8 50. Qxd6 Rxd6 51. Nf3 Rd7 52. Kf1 Ra7 53. Bc2 Ba6+ 54. Ke1 Bc4 55. Ne5 Bd5 56. Kd2 Kf6 57. Rb8 Nf5 58. Kc3 Nxd4 59. Kxd4 c5+ 60. Kxc5 Rc7+ 61. Kd6 Rxc2 62. Rf8+ Kg7 63. Rf7+ Kh6 64. Ke7 Ra2 65. f4 Rxa4 66. Kf6 Be4 67. Rg7 1-0

[Event "Oberliga Ost-A 1314"]
[Site "Germany"]
[Date "2014.03.16"]
[Round "9.6"]
[White "Schenk, Alexander"]
[Black "Heyme, Sibylle"]
[Result "1-0"]
[WhiteElo "2191"]
[BlackElo "2041"]
[PlyCount "87"]
[EventDate "2013.10.13"]
[EventType "team-tourn"]
[EventRounds "11"]
[EventCountry "GER"]
[SourceTitle "EXT 2015"]
[Source "ChessBase"]
[SourceDate "2014.11.20"]
[SourceVersion "1"]
[SourceVersionDate "2014.11.20"]
[SourceQuality "1"]
[WhiteTeam "Chemnitz"]
[BlackTeam "Hoyerswerda"]
[WhiteTeamCountry "GER"]
[BlackTeamCountry "GER"]

1. d4 Nf6 2. c4 g6 3. Nc3 Bg7 4. e4 d6 5. Nf3 0-0 6. Be2 Nc6 7. 0-0 e5 8. d5 Ne7 9. Ne1 Ne8 10. Be3 f5 11. f3 f4 12. Bf2 g5 13. c5 h5 14. a4 Kh8 15. a5 Ng8 16. Nb5 a6 17. Na3 Ngf6 18. Nc4 g4 19. cxd6 cxd6 20. Nb6 Rb8 21. Bh4 Bd7 22. Rc1 Bh6 23. Rc3 Rg8 24. Qc2 Bg5 25. Bxg5 Rxg5 26. Nxd7 Qxd7 27. Nd3 gxf3 28. Bxf3 Ng4 29. Rc1 Ne3 30. Qf2 Nf6 31. Qh4 Qg7 32. Rc8+ Rxc8 33. Rxc8+ Ng8 34. Ne1 Qg6 35. b3 Ng4 36. Rd8 N4f6 37. Rxd6 Nh6 38. Re6 Qg7 39. d6 Nf7 40. Re7 Rg6 41. Qh3 Qf8 42. Qe6 Ng5 43. Qxe5 Qc8 44. Re8+ 1-0

[Event "Oberliga Ost-A 1314"]
[Site "Germany"]
[Date "2013.11.10"]
[Round "3.6"]
[White "Schenk, Alexander"]
[Black "Ader, Gunter"]
[Result "1/2-1/2"]
[WhiteElo "2191"]
[BlackElo "2083"]
[PlyCount "66"]
[EventDate "2013.10.13"]
[EventType "team-tourn"]
[EventRounds "11"]
[EventCountry "GER"]
[SourceTitle "EXT 2015"]
[Source "ChessBase"]
[SourceDate "2014.11.20"]
[SourceVersion "1"]
[SourceVersionDate "2014.11.20"]
[SourceQuality "1"]
[WhiteTeam "Chemnitz"]
[BlackTeam "Dresden USV II"]
[WhiteTeamCountry "GER"]
[BlackTeamCountry "GER"]

1. d4 Nf6 2. c4 e6 3. Nc3 Bb4 4. Qc2 0-0 5. Nf3 b6 6. a3 Bxc3+ 7. Qxc3 Ne4 8. Qc2 Bb7 9. g3 f5 10. Bg2 d6 11. 0-0 Qe7 12. Ng5 d5 13. Nxe4 dxe4 14. f3 exf3 15. Bxf3 Bxf3 16. Rxf3 Nd7 17. e4 e5 18. d5 fxe4 19. Rxf8+ Rxf8 20. Qxe4 Nc5 21. Qe3 e4 22. Bd2 Nd3 23. Bc3 Ne5 24. Bb4 Qf6 25. Bxf8 Nf3+ 26. Kf2 Qxb2+ 27. Qe2 Qxa1 28. Qxe4 Ng5 29. Qf5 Qd4+ 30. Kg2 Qd2+ 31. Kf1 Qd1+ 32. Kf2 Qd4+ 33. Kg2 Qd2+ 1/2-1/2

[Event "Oberliga Ost-A 1314"]
[Site "Germany"]
[Date "2013.11.09"]
[Round "2.6"]
[White "Rudolf, Matthias"]
[Black "Schenk, Alexander"]
[Result "1/2-1/2"]
[WhiteElo "2108"]
[BlackElo "2191"]
[PlyCount "153"]
[EventDate "2013.10.13"]
[EventType "team-tourn"]
[EventRounds "11"]
[EventCountry "GER"]
[SourceTitle "EXT 2015"]
[Source "ChessBase"]
[SourceDate "2014.11.20"]
[SourceVersion "1"]
[SourceVersionDate "2014.11.20"]
[SourceQuality "1"]
[WhiteTeam "Dresden Gruen Weiss"]
[BlackTeam "Chemnitz"]
[WhiteTeamCountry "GER"]
[BlackTeamCountry "GER"]

1. e4 Nf6 2. e5 Nd5 3. d4 d6 4. c4 Nb6 5. exd6 exd6 6. Nc3 Be7 7. Be3 Bf5 8. Bd3 Bxd3 9. Qxd3 Nc6 10. b3 0-0 11. Nf3 Bf6 12. Ne4 h6 13. 0-0 Nd7 14. Rac1 Be7 15. Ng3 Re8 16. Nf5 Bf8 17. a3 a5 18. Rb1 Nf6 19. h3 Qd7 20. Ng3 b6 21. Rfd1 Ne7 22. d5 Ng6 23. Bd4 Ne5 24. Qc3 Nxf3+ 25. Qxf3 Nh7 26. a4 Ng5 27. Qd3 Re7 28. Nf5 Re4 29. Ng3 Re7 30. f4 Nh7 31. Nf5 Ree8 32. Re1 g6 33. Ng3 Bg7 34. Bxg7 Kxg7 35. Qd4+ Kg8 36. Kf2 f5 37. Qc3 Kf7 38. Rxe8 Rxe8 39. Re1 Rxe1 40. Qxe1 Nf6 41. Kf3 c6 42. dxc6 Qxc6+ 43. Kf2 h5 44. Qe3 d5 45. cxd5 Nxd5 46. Qd2 Qc5+ 47. Kf3 Nf6 48. Qe3 Qc6+ 49. Kf2 Qc2+ 50. Ne2 Nd5 51. Qf3 Qd2 52. Kg3 Ke6 53. Kh4 Kf6 54. Kg3 Qe1+ 55. Qf2 h4+ 56. Kf3 Qxf2+ 57. Kxf2 Ke6 58. g3 hxg3+ 59. Kxg3 Nf6 60. Kf3 Kd5 61. Ke3 Ne4 62. Ng1 Nc5 63. Nf3 Nxb3 64. Nh4 Nc5 65. Nxg6 Nxa4 66. Ne7+ Ke6 67. Nc8 b5 68. Na7 Nc3 69. Kd4 Nd5 70. Nxb5 Nxf4 71. Kc4 Ne2 72. Kd3 Ng3 73. Kd4 a4 74. h4 f4 75. Kc4 Ke5 76. Nd4 Ke4 77. Ne6 1/2-1/2

[Event "Oberliga Ost-A 1213"]
[Site "Germany"]
[Date "2012.12.09"]
[Round "4.7"]
[White "Schenk, Alexander"]
[Black "Mader, Joerg"]
[Result "1-0"]
[WhiteElo "2181"]
[BlackElo "2096"]
[PlyCount "69"]
[EventDate "2012.10.14"]
[EventType "team-tourn"]
[EventRounds "11"]
[EventCountry "GER"]
[SourceTitle "EXT 2014"]
[Source "ChessBase"]
[SourceDate "2013.11.20"]
[SourceVersion "1"]
[SourceVersionDate "2013.11.20"]
[SourceQuality "1"]
[WhiteTeam "Chemnitz"]
[BlackTeam "Leipzig VfB"]
[WhiteTeamCountry "GER"]
[BlackTeamCountry "GER"]

1. d4 d5 2. c4 e6 3. Nc3 Nf6 4. Nf3 Nbd7 5. Bg5 c6 6. e3 Be7 7. cxd5 exd5 8. Bd3 0-0 9. Qc2 Re8 10. 0-0 Nf8 11. Rae1 Ne4 12. Bxe7 Qxe7 13. Bxe4 dxe4 14. Nd2 b6 15. Qa4 a5 16. Qxc6 Ba6 17. Nd5 Qe6 18. Qxe6 Nxe6 19. Nxb6 Bxf1 20. Nxa8 Bd3 21. Nb6 Rb8 22. Nbc4 f5 23. Rc1 f4 24. b3 Rc8 25. a4 g5 26. Rc3 g4 27. d5 Nf8 28. exf4 Rc5 29. d6 Rd5 30. f3 exf3 31. gxf3 Ne6 32. Ne4 Kg7 33. Ne3 Bxe4 34. fxe4 Rd2 35. Nd5 1-0

[Event "Oberliga Ost-A 1213"]
[Site "Germany"]
[Date "2012.11.11"]
[Round "3.6"]
[White "Schenk, Alexander"]
[Black "Hoffmann, Uwe"]
[Result "1/2-1/2"]
[WhiteElo "2181"]
[BlackElo "2168"]
[PlyCount "49"]
[EventDate "2012.10.14"]
[EventType "team-tourn"]
[EventRounds "11"]
[EventCountry "GER"]
[SourceTitle "EXT 2014"]
[Source "ChessBase"]
[SourceDate "2013.11.20"]
[SourceVersion "1"]
[SourceVersionDate "2013.11.20"]
[SourceQuality "1"]
[WhiteTeam "Chemnitz"]
[BlackTeam "Magdeburg Rochade"]
[WhiteTeamCountry "GER"]
[BlackTeamCountry "GER"]

1. d4 d5 2. c4 e6 3. Nf3 Nf6 4. Nc3 c5 5. cxd5 cxd4 6. Qxd4 exd5 7. e4 Nc6 8. Bb5 Bd7 9. Qe3 dxe4 10. 0-0 Be7 11. Nxe4 0-0 12. Rd1 Qc7 13. Nc3 Rfe8 14. Qf4 Qxf4 15. Bxf4 a6 16. Bc4 b5 17. Bb3 Red8 18. h3 h6 19. Rac1 Rac8 20. g4 Be8 21. Nd5 Nxd5 22. Bxd5 Nb4 23. Rxc8 Rxc8 24. Bb3 Rd8 25. Rxd8 1/2-1/2

[Event "Oberliga Ost-A 1213"]
[Site "Germany"]
[Date "2012.11.10"]
[Round "2.6"]
[White "Hansch, Karsten"]
[Black "Schenk, Alexander"]
[Result "1/2-1/2"]
[WhiteElo "2019"]
[BlackElo "2181"]
[PlyCount "123"]
[EventDate "2012.10.14"]
[EventType "team-tourn"]
[EventRounds "11"]
[EventCountry "GER"]
[SourceTitle "EXT 2014"]
[Source "ChessBase"]
[SourceDate "2013.11.20"]
[SourceVersion "1"]
[SourceVersionDate "2013.11.20"]
[SourceQuality "1"]
[WhiteTeam "Magdeburg Aufbau Elbe"]
[BlackTeam "Chemnitz"]
[WhiteTeamCountry "GER"]
[BlackTeamCountry "GER"]

1. c4 e6 2. g3 Nf6 3. Bg2 d5 4. Nf3 Be7 5. 0-0 0-0 6. b3 d4 7. Bb2 c5 8. e3 Nc6 9. exd4 cxd4 10. Re1 Ne8 11. a3 a5 12. Ne5 Nxe5 13. Rxe5 f6 14. Re1 e5 15. d3 Nc7 16. Nd2 Na6 17. Bd5+ Kh8 18. Qe2 Bc5 19. Qe4 Bd6 20. Qe2 Nc5 21. Rab1 Bf5 22. Ne4 Bg6 23. Nxc5 Bxc5 24. Bc1 Qe7 25. f4 Rae8 26. Bd2 Qc7 27. Qf3 Bxa3 28. f5 Bf7 29. Bxb7 Rb8 30. Bc6 Bb4 31. Re2 Bh5 32. Qxh5 Qxc6 33. Bc1 Qe8 34. Qxe8 Rfxe8 35. Kg2 Re7 36. Ra1 Reb7 37. Bd2 Bf8 38. Bxa5 Rxb3 39. Rea2 Kg8 40. Rd1 Ra8 41. Raa1 Rb2+ 42. Kf3 Rxh2 43. Bc7 Rha2 44. Rxa2 Rxa2 45. Rb1 Ra7 46. Bd8 Kf7 47. Rb8 Bd6 48. Rc8 e4+ 49. Kxe4 Bxg3 50. Kf3 Be5 51. Bb6 Rb7 52. c5 g6 53. Kg4 h5+ 54. Kh4 gxf5 55. Kxh5 Ke6 56. Kg6 f4 57. Rh8 Rg7+ 58. Kxg7 f5+ 59. Kg6 Bxh8 60. Ba5 f3 61. Be1 Be5 62. Bf2 1/2-1/2

[Event "Oberliga Ost-A 1213"]
[Site "Germany"]
[Date "2012.10.14"]
[Round "1.6"]
[White "Schenk, Alexander"]
[Black "Pfretzschner, Roland"]
[Result "1/2-1/2"]
[WhiteElo "2181"]
[BlackElo "2264"]
[PlyCount "82"]
[EventDate "2012.10.14"]
[EventType "team-tourn"]
[EventRounds "11"]
[EventCountry "GER"]
[SourceTitle "EXT 2014"]
[Source "ChessBase"]
[SourceDate "2013.11.20"]
[SourceVersion "1"]
[SourceVersionDate "2013.11.20"]
[SourceQuality "1"]
[WhiteTeam "Chemnitz"]
[BlackTeam "Plauen Koenig"]
[WhiteTeamCountry "GER"]
[BlackTeamCountry "GER"]

1. d4 Nf6 2. c4 c5 3. d5 b5 4. cxb5 a6 5. bxa6 g6 6. Nc3 Bxa6 7. g3 d6 8. Nh3 Bg7 9. Nf4 0-0 10. h4 h5 11. Bh3 Nbd7 12. Qc2 Ne5 13. Rb1 Qa5 14. 0-0 Rfb8 15. b3 Ra7 16. Bd2 Qa3 17. Rfd1 Rab7 18. Bc1 Qa5 19. a3 Ne8 20. Ne4 Nc7 21. b4 cxb4 22. axb4 Qb5 23. Bd2 Nxd5 24. Nxd5 Qxd5 25. Be1 Qc4 26. Qxc4 Bxc4 27. Bf1 Nc6 28. Rbc1 Bb5 29. Nc3 Nxb4 30. Nxb5 Rxb5 31. Rc7 Bf6 32. Bg2 Na6 33. Rcc1 Nc5 34. Bf3 Rb2 35. Rd2 Rb1 36. Rdd1 R1b2 37. Rd2 Rb1 38. Rdd1 Rxc1 39. Rxc1 Rb2 40. Bc3 Bxc3 41. Rxc3 Kg7 1/2-1/2

[Event "Oberliga Ost-A 1112"]
[Site "Germany"]
[Date "2012.04.14"]
[Round "10.6"]
[White "Schenk, Alexander"]
[Black "Buerckner, Georg"]
[Result "1/2-1/2"]
[WhiteElo "2239"]
[BlackElo "2032"]
[PlyCount "102"]
[EventDate "2011.09.25"]
[EventType "team-tourn"]
[EventRounds "11"]
[EventCountry "GER"]
[SourceTitle "EXT 2013"]
[Source "ChessBase"]
[SourceDate "2012.11.22"]
[SourceVersion "1"]
[SourceVersionDate "2012.11.22"]
[SourceQuality "1"]
[WhiteTeam "Chemnitz"]
[BlackTeam "Sangerhausen"]
[WhiteTeamCountry "GER"]
[BlackTeamCountry "GER"]

1. d4 d5 2. c4 e6 3. Nc3 Nf6 4. Nf3 Be7 5. Bg5 0-0 6. e3 a6 7. Qc2 h6 8. Bh4 Nbd7 9. Rd1 dxc4 10. Bxc4 b5 11. Be2 Bb7 12. a3 Nd5 13. Bxe7 Nxe7 14. 0-0 Rc8 15. b4 Ng6 16. Ne4 Qe7 17. Ng3 Nh4 18. Nxh4 Qxh4 19. Bd3 Nf6 20. Rc1 Ng4 21. h3 Nxe3 22. fxe3 Qxg3 23. Qf2 Qxf2+ 24. Kxf2 Rfd8 25. Rc5 Rd5 26. Rfc1 Rxc5 27. Rxc5 Kf8 28. e4 Ke7 29. Ke3 Kd7 30. g3 Rd8 31. Be2 Kc8 32. g4 Rd6 33. g5 hxg5 34. Rxg5 g6 35. h4 Bc6 36. h5 gxh5 37. Bxh5 Be8 38. Rg7 Rd7 39. e5 c6 40. Rg8 Kd8 41. Bf3 Rc7 42. Kd3 Ke7 43. Bd1 Ra7 44. Kc3 Rd7 45. Rh8 Rd8 46. Bh5 Rb8 47. Bf3 Rc8 48. Bh5 Bd7 49. Rh7 Rf8 50. Kd3 Be8 51. Bf3 Bd7 1/2-1/2

[Event "Oberliga Ost-A 1112"]
[Site "Germany"]
[Date "2012.01.15"]
[Round "7.7"]
[White "Poenisch, Egmont"]
[Black "Schenk, Alexander"]
[Result "1-0"]
[WhiteElo "2111"]
[BlackElo "2239"]
[PlyCount "47"]
[EventDate "2011.09.25"]
[EventType "team-tourn"]
[EventRounds "11"]
[EventCountry "GER"]
[SourceTitle "EXT 2013"]
[Source "ChessBase"]
[SourceDate "2012.11.22"]
[SourceVersion "1"]
[SourceVersionDate "2012.11.22"]
[SourceQuality "1"]
[WhiteTeam "Coswig"]
[BlackTeam "Chemnitz"]
[WhiteTeamCountry "GER"]
[BlackTeamCountry "GER"]

1. c4 e6 2. Nf3 d5 3. e3 Nf6 4. Nc3 c6 5. d4 Nbd7 6. Be2 dxc4 7. Bxc4 b5 8. Bd3 Bd6 9. 0-0 Bb7 10. e4 e5 11. Bg5 0-0 12. Rc1 Re8 13. Bb1 exd4 14. Nxd4 Qb8 15. f4 b4 16. e5 bxc3 17. Rxc3 Nd5 18. Rh3 Nf8 19. Bxh7+ Nxh7 20. Qh5 f6 21. Qxh7+ Kf7 22. exf6 Rg8 23. Qh5+ g6 24. Qh7+ 1-0

[Event "Oberliga Ost-A 1112"]
[Site "Germany"]
[Date "2011.11.20"]
[Round "4.5"]
[White "Schenk, Alexander"]
[Black "Hoffmann, Uwe1111"]
[Result "1/2-1/2"]
[WhiteElo "2239"]
[BlackElo "2170"]
[PlyCount "84"]
[EventDate "2011.09.25"]
[EventType "team-tourn"]
[EventRounds "11"]
[EventCountry "GER"]
[SourceTitle "EXT 2013"]
[Source "ChessBase"]
[SourceDate "2012.11.22"]
[SourceVersion "1"]
[SourceVersionDate "2012.11.22"]
[SourceQuality "1"]
[WhiteTeam "Chemnitz"]
[BlackTeam "Magdeburg Rochade"]
[WhiteTeamCountry "GER"]
[BlackTeamCountry "GER"]

1. d4 d5 2. c4 e6 3. Nc3 c5 4. cxd5 cxd4 5. Qa4+ Bd7 6. Qxd4 exd5 7. Qxd5 Nc6 8. Nf3 Nf6 9. Qd1 Bc5 10. a3 Rc8 11. Qc2 0-0 12. Bg5 Nd4 13. Nxd4 Bxd4 14. e3 Qa5 15. exd4 Qxg5 16. g3 Rfe8+ 17. Be2 Bg4 18. Qd2 Qh5 19. Kf1 Rxc3 20. Bxg4 Qd5 21. Kg1 Rc4 22. Bh3 Rxd4 23. Qc3 Ne4 24. Re1 Rd3 25. Qb4 Rd4 26. Qc3 Rd1 27. Bf1 Rxe1 28. Qxe1 Nd6 29. Qc3 Rc8 30. Qe3 Nf5 31. Qe1 Nd4 32. Bg2 Qb5 33. h4 Rc1 34. Qxc1 Ne2+ 35. Kh2 Nxc1 36. Rxc1 g6 37. b4 b6 38. Rc7 a5 39. bxa5 Qxa5 40. Rb7 Qc5 41. Kg1 h6 42. a4 Kg7 1/2-1/2

[Event "BL2-Ost 1011"]
[Site "Germany"]
[Date "2011.03.20"]
[Round "8.6"]
[White "Troyke, Christian"]
[Black "Schenk, Alexander"]
[Result "1-0"]
[WhiteElo "2359"]
[BlackElo "2282"]
[PlyCount "63"]
[EventDate "2010.10.10"]
[EventType "team-tourn"]
[EventRounds "9"]
[EventCountry "GER"]
[SourceTitle "EXT 2012"]
[Source "ChessBase"]
[SourceDate "2011.11.24"]
[SourceVersion "1"]
[SourceVersionDate "2011.11.24"]
[SourceQuality "1"]
[WhiteTeam "Erfurt SK"]
[BlackTeam "Chemnitz USG"]
[WhiteTeamCountry "GER"]
[BlackTeamCountry "GER"]

1. g3 d5 2. Nf3 Nf6 3. Bg2 e6 4. 0-0 Be7 5. c4 0-0 6. d4 dxc4 7. Nbd2 b5 8. a4 c6 9. Ne5 Nd5 10. e4 Nf6 11. d5 Qc7 12. Nxc6 Nxc6 13. dxc6 Qxc6 14. e5 Nd5 15. axb5 Qxb5 16. Ne4 Bb7 17. Qg4 Kh8 18. Bg5 f5 19. exf6 Nxf6 20. Bxf6 gxf6 21. Qxe6 Rae8 22. Nc3 Qb3 23. Bxb7 Qxb7 24. Qxc4 Rc8 25. Qe6 Bc5 26. Rad1 Rc7 27. Nd5 Rc6 28. Qh3 Rd6 29. Nf4 Rfd8 30. Rde1 Qxb2 31. Qf5 Rd2 32. Qxc5 1-0

[Event "BL2-Ost 1011"]
[Site "Germany"]
[Date "2010.10.24"]
[Round "2.6"]
[White "Schenk, Alexander"]
[Black "Wall, Gavin"]
[Result "0-1"]
[WhiteElo "2282"]
[BlackElo "2315"]
[PlyCount "50"]
[EventDate "2010.10.10"]
[EventType "team-tourn"]
[EventRounds "9"]
[EventCountry "GER"]
[SourceTitle "EXT 2012"]
[Source "ChessBase"]
[SourceDate "2011.11.24"]
[SourceVersion "1"]
[SourceVersionDate "2011.11.24"]
[SourceQuality "1"]
[WhiteTeam "Chemnitz USG"]
[BlackTeam "Bindlach"]
[WhiteTeamCountry "GER"]
[BlackTeamCountry "GER"]

1. d4 f5 2. e4 fxe4 3. Nc3 Nf6 4. Bg5 Nc6 5. d5 Ne5 6. Qe2 c6 7. 0-0-0 Qa5 8. Bxf6 gxf6 9. Qxe4 Bg7 10. d6 e6 11. Qh4 Ng6 12. Qg3 f5 13. Nge2 Qb4 14. h4 Be5 15. Qd3 b6 16. g3 h5 17. Bg2 Bb7 18. a3 Qa5 19. Nd4 0-0-0 20. Nb3 Qa6 21. Qd2 Qc4 22. Nb1 Rdg8 23. Rhe1 Qg4 24. Bf1 f4 25. Bd3 fxg3 0-1

[Event "Oberliga Ost-A 0910"]
[Site "Germany"]
[Date "2010.02.28"]
[Round "8.5"]
[White "Schenk, Alexander"]
[Black "Heyder, Florian"]
[Result "1/2-1/2"]
[WhiteElo "2301"]
[BlackElo "2168"]
[PlyCount "55"]
[EventDate "2009.10.18"]
[EventType "team-tourn"]
[EventRounds "11"]
[EventCountry "GER"]
[SourceTitle "EXT 2011"]
[Source "ChessBase"]
[SourceDate "2010.11.26"]
[SourceVersion "1"]
[SourceVersionDate "2010.11.26"]
[SourceQuality "1"]
[WhiteTeam "Chemnitz"]
[BlackTeam "Halle USV"]
[WhiteTeamCountry "GER"]
[BlackTeamCountry "GER"]

1. d4 d5 2. c4 e5 3. dxe5 d4 4. Nf3 Nc6 5. g3 Nge7 6. Bg2 Ng6 7. Bg5 Qd7 8. 0-0 h6 9. Bc1 Ngxe5 10. Nxe5 Nxe5 11. Qc2 Be7 12. Rd1 0-0 13. b3 c5 14. Nc3 Bd6 15. Nd5 Nc6 16. Bf4 Bxf4 17. Nxf4 b6 18. a3 Bb7 19. Rab1 a5 20. Bd5 Rfe8 21. Bf3 Rad8 22. Nd5 Ne5 23. Bg2 Qd6 24. e3 dxe3 25. Nxe3 Qc7 26. Nd5 Bxd5 27. Bxd5 Nc6 28. Bxc6 1/2-1/2

[Event "Oberliga Ost-A 0910"]
[Site "Germany"]
[Date "2010.01.24"]
[Round "7.5"]
[White "Braeuer, Franz"]
[Black "Schenk, Alexander"]
[Result "1/2-1/2"]
[WhiteElo "1993"]
[BlackElo "2301"]
[PlyCount "40"]
[EventDate "2009.10.18"]
[EventType "team-tourn"]
[EventRounds "11"]
[EventCountry "GER"]
[SourceTitle "EXT 2011"]
[Source "ChessBase"]
[SourceDate "2010.11.26"]
[SourceVersion "1"]
[SourceVersionDate "2010.11.26"]
[SourceQuality "1"]
[WhiteTeam "Jena Jenapharm"]
[BlackTeam "Chemnitz"]
[WhiteTeamCountry "GER"]
[BlackTeamCountry "GER"]

1. e4 e6 2. d4 d5 3. Nc3 Nf6 4. Bg5 Be7 5. e5 Nfd7 6. Bxe7 Qxe7 7. f4 Nb6 8. Nf3 a6 9. Qd2 Bd7 10. Be2 c5 11. 0-0-0 Nc6 12. dxc5 Qxc5 13. Nd4 0-0 14. Nb3 Qe7 15. a3 Rfd8 16. Qe3 Nc4 17. Bxc4 dxc4 18. Nc5 Be8 19. N5e4 b5 20. Nd6 Rdb8 1/2-1/2

[Event "Chemnitz op 8th"]
[Site "Chemnitz"]
[Date "2009.10.02"]
[Round "3"]
[White "Luther, Thomas"]
[Black "Schenk, Alexander"]
[Result "1-0"]
[WhiteElo "2559"]
[BlackElo "2301"]
[PlyCount "89"]
[EventDate "2009.10.01"]
[EventType "swiss"]
[EventRounds "7"]
[EventCountry "GER"]
[SourceTitle "CBM 132 Extra"]
[Source "ChessBase"]
[SourceDate "2009.11.03"]
[SourceVersion "1"]
[SourceVersionDate "2009.11.03"]
[SourceQuality "1"]

1. e4 e6 2. d4 d5 3. exd5 exd5 4. c4 Nc6 5. Nc3 Nf6 6. Nf3 Bg4 7. Be3 Bb4 8. a3 Bxc3+ 9. bxc3 0-0 10. Bd3 dxc4 11. Bxc4 Nd5 12. 0-0 Na5 13. Bd3 Nb6 14. Qc2 Bxf3 15. gxf3 Qh4 16. Kh1 Nac4 17. Rg1 Nxe3 18. fxe3 Rfe8 19. Rg4 Qh5 20. Qg2 g6 21. Rg5 Qh4 22. e4 Nd7 23. e5 Rad8 24. Rg4 Qh5 25. f4 c5 26. d5 Nxe5 27. fxe5 Qxe5 28. Rf1 Qxc3 29. Qf3 Rd7 30. Bc4 Re3 31. Qf6 Qxf6 32. Rxf6 b5 33. Bxb5 Rxd5 34. a4 Rd2 35. Rgf4 Rc3 36. Rf2 Rxf2 37. Rxf2 Re3 38. Rf6 Re6 39. Rxe6 fxe6 40. Kg2 Kf8 41. Kf3 Ke7 42. Ke4 Kd6 43. a5 g5 44. Be2 Kc6 45. Ke5 1-0